000
00244nam a2200097Ia 4500
001
711344
005
20250826162806.0
008
250824s9999 xx 000 0 und d
245
0
_a
KAĞIT TOPLAYAN PROFESÖR
_c
MEHMET FİDAN
260
_b
ATLIKARINCA
999
_c
711344
_d
711344